| 000 | 00876nam a22002415i 4500 | ||
|---|---|---|---|
| 001 | 166675 | ||
| 003 | ES-MaACL | ||
| 005 | 20230906213358.0 | ||
| 008 | 050916s1891 fr a | |||||||| ||fre d | ||
| 040 |
_aCAM _bspa _cCAM |
||
| 080 | _a579.8 | ||
| 100 | 1 |
_aTrouessart, Edouard Louis. _9111521 |
|
| 245 | 1 | 4 |
_aLes microbes, les ferments et les moisissures / _cpar E.-L. Trouessart. |
| 250 | _a2e éd. rev., corr. et augm. | ||
| 260 |
_aParis : _bAncienne Librairie Germer Baillière et Cª : _bFélix Alcan, éditeur, _c1891. |
||
| 300 |
_aXI, 282 p. : _bil. ; _c22 cm. |
||
| 490 | 1 |
_aBibliothèque scientifique internationale ; _v54 |
|
| 650 |
_aMicroorganismos. _9136496 |
||
| 650 |
_aMicroorganismos. _9136496 |
||
| 830 | 0 |
_aBibliothèque scientifique internationale ; _v54 _9186949 |
|
| 852 |
_aES-MaACL _jF-14383 _z-- Enc. ed. en tela |
||
| 999 |
_c166675 _d166675 |
||